Facts about the U.S. Constitution #2 - Statistics

General Stats
  • This quiz has been taken 53 times
  • The average score is 9 of 12
Answer Stats
Hint Answer % Correct
Minimum age to vote? 18
100%
What is the minimum age to be a senator? 30
97%
What is the minimum age to be president? 35
97%
The 19th amendment gave which group the right to vote? Women
97%
What is the minimum age to serve in the U.S. House of Representatives? 25
95%
What does the 13th amendment abolish? Slavery
95%
Who becomes president when something happens to the president? The Vice President
92%
Which chamber of Congress could start impeachment? The House of Representatives
86%
What is the presidents role in the military? Commander in Chief
73%
What did the 22nd amendment esablish? Presidential Term Limits
38%
The 10th amendment could be called the ________ ________ Amendment States Rights
30%
The 10th amendment could be called the ________ ________ Amendment Reserved Powers
14%
No matching quizzes found
Score Distribution
Percent of People with Each Score
Percentile by Number Answered
Your Score History
You have not taken this quiz